[Event "Hanoi GM 06"]
[Site "Hanoi"]
[Date "2025.06.19"]
[Round "7"]
[White "Kushagra, Mohan"]
[Black "Avinash, Ramesh"]
[Result "0-1"]
[WhiteElo "2400"]
[BlackElo "2304"]
[PlyCount "82"]
[EventDate "2025.06.15"]
[EventType "tourn"]
[EventRounds "9"]
[EventCountry "VIE"]
[EventCategory "6"]
[SourceTitle "CB26_2025"]
[SourceDate "2025.06.25"]
[SourceVersion "1"]
[SourceVersionDate "2025.06.25"]
[SourceQuality "1"]

1. e4 e6 2. d4 d5 3. Nc3 Nf6 4. e5 Nfd7 5. f4 c5 6. Nf3 Nc6 7. Be3 a6 8. Be2 Qc7 9. dxc5 Bxc5 10. Qd2 b5 11. Bxc5 Nxc5 12. a3 h6 13. Nd4 Nxd4 14. Qxd4 0-0 15. 0-0 Bb7 16. Rad1 Rfd8 17. Qf2 Rac8 18. Rd2 Qb6 19. Rfd1 b4 20. axb4 Qxb4 21. Na2 Qxb2 22. c4 Qb3 23. Bf3 Qxc4 24. Rc2 Qb5 25. Nc3 Qe8 26. Qd4 Ne4 27. Nxe4 Rxc2 28. Nd6 Qc6 29. f5 Rxd6 30. exd6 Qxd6 31. fxe6 Qxe6 32. h4 Qe7 33. Rb1 Rc4 34. Qb6 Rxh4 35. Kf2 Bc8 36. Re1 Be6 37. Qxa6 Rc4 38. Qa8+ Qf8 39. Bxd5 Bxd5 40. Qxd5 Qc5+ 41. Qxc5 Rxc5 0-1

[Event "Quang Ninh GM1 2nd"]
[Site "Ha Long"]
[Date "2025.06.11"]
[Round "8"]
[White "Kushagra, Mohan"]
[Black "Priasmoro, Novendra"]
[Result "1/2-1/2"]
[WhiteElo "2400"]
[BlackElo "2407"]
[PlyCount "44"]
[EventDate "2025.06.06"]
[EventType "tourn"]
[EventRounds "9"]
[EventCountry "VIE"]
[EventCategory "6"]
[SourceTitle "CB26_2025"]
[SourceDate "2025.06.25"]
[SourceVersion "1"]
[SourceVersionDate "2025.06.25"]
[SourceQuality "1"]

1. e4 e5 2. Nf3 Nc6 3. Bb5 a6 4. Ba4 d6 5. 0-0 Be7 6. d4 exd4 7. Nxd4 Bd7 8. Qf3 Bf5 9. Qxf5 Qc8 10. Qxc8+ Rxc8 11. Nc3 Rb8 12. Nd5 Bd8 13. b3 Nf6 14. Bb2 Nxd5 15. exd5 Rg8 16. c4 Kd7 17. Bc3 g6 18. Rfe1 Re8 19. Rxe8 Kxe8 20. f4 Kd7 21. Re1 a5 22. g3 f5 1/2-1/2

[Event "Quang Ninh GM1 2nd"]
[Site "Ha Long"]
[Date "2025.06.09"]
[Round "4"]
[White "Quizon, Daniel"]
[Black "Kushagra, Mohan"]
[Result "1/2-1/2"]
[WhiteElo "2440"]
[BlackElo "2400"]
[PlyCount "47"]
[EventDate "2025.06.06"]
[EventType "tourn"]
[EventRounds "9"]
[EventCountry "VIE"]
[EventCategory "6"]
[SourceTitle "CB26_2025"]
[SourceDate "2025.06.25"]
[SourceVersion "1"]
[SourceVersionDate "2025.06.25"]
[SourceQuality "1"]

1. Nf3 d5 2. g3 g6 3. Bg2 Bg7 4. c4 c6 5. cxd5 cxd5 6. d4 Nf6 7. Nc3 0-0 8. 0-0 Ne4 9. Nd2 Nf6 10. Nb3 h6 11. Bf4 Nc6 12. Be5 Nxe5 13. dxe5 Ng4 14. Qxd5 Nxe5 15. Qxd8 Rxd8 16. Rfd1 Rf8 17. Na5 Rb8 18. Nd5 Re8 19. Rac1 b6 20. Nb3 Bb7 21. Nc7 Rec8 22. h3 Nc6 23. Nd5 Kf8 24. Nc3 1/2-1/2

[Event "Quang Ninh GM1 2nd"]
[Site "Ha Long"]
[Date "2025.06.07"]
[Round "2"]
[White "Mariano, Fabian Glen"]
[Black "Kushagra, Mohan"]
[Result "1/2-1/2"]
[WhiteElo "2401"]
[BlackElo "2400"]
[PlyCount "159"]
[EventDate "2025.06.06"]
[EventType "tourn"]
[EventRounds "9"]
[EventCountry "VIE"]
[EventCategory "6"]
[SourceTitle "CB26_2025"]
[SourceDate "2025.06.25"]
[SourceVersion "1"]
[SourceVersionDate "2025.06.25"]
[SourceQuality "1"]

1. e4 e5 2. Nf3 Nc6 3. Bb5 a6 4. Ba4 Nf6 5. 0-0 Nxe4 6. d4 Be7 7. Re1 b5 8. Rxe4 d5 9. Nxe5 Nxe5 10. Rxe5 bxa4 11. Nc3 0-0 12. Qf3 c6 13. Re2 a3 14. b3 Be6 15. Na4 Re8 16. Qc3 Bd6 17. Bd2 Qh4 18. g3 Qh5 19. Rae1 Bd7 20. Rxe8+ Rxe8 21. Rxe8+ Bxe8 22. f3 Qg6 23. Nc5 h5 24. Qe3 Kf8 25. Qd3 Bxc5 26. dxc5 Qxd3 27. cxd3 d4 28. Be1 f6 29. Kf1 Kf7 30. Bf2 Ke6 31. Bxd4 Kd5 32. Be3 g5 33. Ke2 g4 34. fxg4 hxg4 35. Kd2 Bg6 36. Kc3 Bf7 37. d4 Ke4 38. Bc1 Kd5 39. Bxa3 Bg6 40. Bb2 Bb1 41. Kd2 f5 42. Kc3 Be4 43. a3 Bb1 44. Kb4 Bc2 45. Ka5 Bxb3 46. Kxa6 Bc2 47. Kb6 Ba4 48. Kc7 Ke6 49. Ba1 Bb5 50. Kb6 Kd5 51. Bb2 Ba4 52. Ka5 Bc2 53. Kb4 Bd1 54. Kc3 Ba4 55. Kb4 Bc2 56. a4 Bd1 57. a5 Be2 58. Kc3 Ba6 59. Kd2 Ke4 60. Ke1 Ke3 61. Kd1 Ke4 62. Kd2 Bb5 63. Kc3 Ba6 64. Bc1 Bb5 65. Bf4 Ba6 66. Be5 Bb5 67. Kd2 Ba6 68. Ke1 Ke3 69. Kd1 Ke4 70. Ke1 Ke3 71. Bf6 Bb5 72. Bg7 Ba6 73. Kd1 Ke4 74. Ke1 Ke3 75. d5 cxd5 76. c6 d4 77. c7 d3 78. Bh6+ Ke4 79. Kd2 Ke5 80. Bf4+ 1/2-1/2

[Event "Quang Ninh GM1 2nd"]
[Site "Ha Long"]
[Date "2025.06.06"]
[Round "1"]
[White "Kushagra, Mohan"]
[Black "Avinash, Ramesh"]
[Result "1-0"]
[WhiteElo "2400"]
[BlackElo "2304"]
[PlyCount "51"]
[EventDate "2025.06.06"]
[EventType "tourn"]
[EventRounds "9"]
[EventCountry "VIE"]
[EventCategory "6"]
[SourceTitle "CB26_2025"]
[SourceDate "2025.06.25"]
[SourceVersion "1"]
[SourceVersionDate "2025.06.25"]
[SourceQuality "1"]

1. e4 e5 2. Nf3 Nc6 3. Bb5 Nf6 4. 0-0 Nxe4 5. Re1 Nd6 6. a4 Be7 7. Nc3 0-0 8. d4 Nxb5 9. axb5 Nxd4 10. Nxd4 exd4 11. Nd5 Bd6 12. Qxd4 c5 13. Qg4 f5 14. Qh5 f4 15. b6 a5 16. Bd2 a4 17. Bc3 a3 18. bxa3 g6 19. Qf3 Qg5 20. a4 h5 21. Bb2 Rf5 22. Qc3 Qh6 23. Nf6+ Rxf6 24. Qxf6 Bf8 25. Re8 d5 26. Rxf8+ 1-0

[Event "Dubai op-A 25th"]
[Site "Dubai"]
[Date "2025.06.03"]
[Round "8"]
[White "Kushagra, Mohan"]
[Black "Neelash, Saha"]
[Result "1/2-1/2"]
[WhiteElo "2400"]
[BlackElo "2445"]
[PlyCount "20"]
[EventDate "2025.05.27"]
[EventType "swiss"]
[EventRounds "9"]
[EventCountry "UAE"]
[SourceTitle "CB23_2025"]
[SourceDate "2025.06.04"]
[SourceVersion "1"]
[SourceVersionDate "2025.06.04"]
[SourceQuality "1"]

1. e4 d5 2. exd5 Qxd5 3. Nc3 Qa5 4. d4 Nf6 5. Nf3 Bf5 6. Bc4 e6 7. Bd2 Bb4 8. 0-0 0-0 9. a3 Bxc3 10. Bxc3 Qb6 1/2-1/2

[Event "Dubai op-A 25th"]
[Site "Dubai"]
[Date "2025.06.02"]
[Round "7"]
[White "Shyam, Sundar M"]
[Black "Kushagra, Mohan"]
[Result "1/2-1/2"]
[WhiteElo "2462"]
[BlackElo "2400"]
[PlyCount "68"]
[EventDate "2025.05.27"]
[EventType "swiss"]
[EventRounds "9"]
[EventCountry "UAE"]
[SourceTitle "CB23_2025"]
[SourceDate "2025.06.04"]
[SourceVersion "1"]
[SourceVersionDate "2025.06.04"]
[SourceQuality "1"]

1. e4 e5 2. Nf3 Nc6 3. Bc4 Nf6 4. d3 Bc5 5. Nc3 h6 6. Be3 Bxe3 7. fxe3 d6 8. 0-0 0-0 9. Qe2 Na5 10. Bb3 c6 11. h3 Nxb3 12. axb3 Nh7 13. d4 Ng5 14. Rad1 Nxf3+ 15. Rxf3 Qe7 16. Qd2 f6 17. Rff1 Rd8 18. d5 c5 19. Ne2 h5 20. Qe1 g6 21. Qh4 Kg7 22. Rf3 Bd7 23. Rdf1 Rf8 24. Ng3 Rf7 25. Nxh5+ gxh5 26. Qxh5 Kg8 27. Rg3+ Rg7 28. Rff3 Rf8 29. Kh2 Rff7 30. Rxg7+ Rxg7 31. Qh6 Rf7 32. Rg3+ Rg7 33. Rf3 Rf7 34. Rg3+ Rg7 1/2-1/2

[Event "Goa op"]
[Site "Taleigao"]
[Date "2025.01.19"]
[Round "10"]
[White "Kushagra, Mohan"]
[Black "Nithin, Babu"]
[Result "1-0"]
[WhiteElo "2412"]
[BlackElo "2168"]
[PlyCount "87"]
[EventDate "2025.01.11"]
[EventType "swiss"]
[EventRounds "10"]
[EventCountry "IND"]
[SourceTitle "CB04_2025"]
[SourceDate "2025.01.22"]
[SourceVersion "1"]
[SourceVersionDate "2025.01.22"]
[SourceQuality "1"]

1. e4 e5 2. Nf3 Nc6 3. Bb5 a6 4. Ba4 Nf6 5. 0-0 d6 6. c3 Bd7 7. Re1 g6 8. d4 Bg7 9. h3 0-0 10. Bc2 Nh5 11. Be3 Qe8 12. Nbd2 Kh8 13. a4 f5 14. dxe5 dxe5 15. a5 Rd8 16. b4 f4 17. Bc5 Rf6 18. Qe2 Bf8 19. Bxf8 Rxf8 20. Nc4 Be6 21. Ba4 Bxc4 22. Qxc4 Rd6 23. b5 axb5 24. Qxb5 Qe7 25. Qxb7 Rb8 26. Bxc6 Rxb7 27. Bxb7 Nf6 28. a6 Nd7 29. a7 Nb6 30. Reb1 Rd8 31. Rxb6 cxb6 32. a8Q Rxa8 33. Rxa8+ Kg7 34. Bd5 b5 35. Rb8 Qc5 36. Rb7+ Kf8 37. Nxe5 Qxc3 38. Rf7+ Ke8 39. Bc6+ Qxc6 40. Nxc6 Kxf7 41. f3 Ke8 42. Kf2 Kd7 43. Ne5+ Kd6 44. Nd3 1-0

[Event "Goa op"]
[Site "Taleigao"]
[Date "2025.01.16"]
[Round "6"]
[White "Laxman, Rajaram"]
[Black "Kushagra, Mohan"]
[Result "1/2-1/2"]
[WhiteElo "2303"]
[BlackElo "2412"]
[PlyCount "68"]
[EventDate "2025.01.11"]
[EventType "swiss"]
[EventRounds "10"]
[EventCountry "IND"]
[SourceTitle "CB04_2025"]
[SourceDate "2025.01.22"]
[SourceVersion "1"]
[SourceVersionDate "2025.01.22"]
[SourceQuality "1"]

1. d4 Nf6 2. Nf3 e6 3. c4 d5 4. g3 dxc4 5. Bg2 a6 6. 0-0 Nc6 7. e3 Rb8 8. Qe2 b5 9. b3 cxb3 10. axb3 Bd6 11. Bd2 Bb7 12. Rc1 0-0 13. Ne1 Qe8 14. f4 Nd5 15. Nd3 f5 16. Nc3 Ncb4 17. Nxd5 Nxd3 18. Ne7+ Qxe7 19. Qxd3 Bxg2 20. Kxg2 c5 21. e4 cxd4 22. Rxa6 e5 23. fxe5 Bxe5 24. exf5 Qf7 25. Re6 Qb7+ 26. Rcc6 Rbc8 27. Qf3 Rxc6 28. Qxc6 Qxc6+ 29. Rxc6 Ra8 30. Kf3 Ra2 31. Ke2 Bf6 32. Kd3 Ra3 33. Kc2 Ra2+ 34. Kd3 Ra3 1/2-1/2

[Event "Goa op"]
[Site "Taleigao"]
[Date "2025.01.13"]
[Round "4"]
[White "Elgabry, Mohsen"]
[Black "Kushagra, Mohan"]
[Result "1/2-1/2"]
[WhiteElo "2107"]
[BlackElo "2412"]
[PlyCount "121"]
[EventDate "2025.01.11"]
[EventType "swiss"]
[EventRounds "10"]
[EventCountry "IND"]
[SourceTitle "CB04_2025"]
[SourceDate "2025.01.22"]
[SourceVersion "1"]
[SourceVersionDate "2025.01.22"]
[SourceQuality "1"]

1. Nf3 d5 2. b3 c5 3. e3 Nc6 4. Bb2 a6 5. d4 cxd4 6. Nxd4 Nf6 7. Be2 e6 8. 0-0 Bd6 9. c4 0-0 10. Nxc6 bxc6 11. Nc3 Bb7 12. cxd5 cxd5 13. Bf3 Qe7 14. Na4 Rad8 15. Qe2 e5 16. g3 e4 17. Bg2 Nd7 18. Rfd1 Ne5 19. Bd4 Qf6 20. Rac1 Nf3+ 21. Qxf3 Qxf3 22. Bxf3 exf3 23. Bc5 h5 24. Bxd6 Rxd6 25. h3 h4 26. Rd4 Bc8 27. Kh2 hxg3+ 28. Kxg3 Rg6+ 29. Kxf3 Bxh3 30. Ke2 Bg4+ 31. Kd2 Bf3 32. Rf4 Be4 33. Nc3 f5 34. Nxe4 dxe4 35. Rc5 Rd6+ 36. Ke2 g6 37. f3 exf3+ 38. Kxf3 Re8 39. Rc3 Kg7 40. Rfc4 Ree6 41. b4 g5 42. a4 Rb6 43. Rd4 Kf6 44. Rc5 Re5 45. Rc3 g4+ 46. Kf2 Kg5 47. Rc8 Rbe6 48. Rg8+ Kf6 49. Rf4 Rxe3 50. Rf8+ Kg6 51. R8xf5 Ra3 52. Rc5 g3+ 53. Kf1 Ree3 54. Rcf5 Ra1+ 55. Kg2 Ra2+ 56. Kg1 Re1+ 57. Rf1 Rxf1+ 58. Rxf1 Kg5 59. Rb1 Rxa4 60. b5 axb5 61. Rxb5+ 1/2-1/2

[Event "Kuala Lumpur op 19th"]
[Site "Kuala Lumpur"]
[Date "2024.09.20"]
[Round "6"]
[White "Poh, Yu Tian"]
[Black "Kushagra, Mohan"]
[Result "1/2-1/2"]
[WhiteElo "2430"]
[BlackElo "2411"]
[PlyCount "228"]
[EventDate "2024.09.16"]
[EventType "swiss"]
[EventRounds "9"]
[EventCountry "MAS"]
[SourceTitle "EXT 2025"]
[Source "ChessBase"]
[SourceDate "2024.10.14"]
[SourceVersion "1"]
[SourceVersionDate "2024.10.14"]
[SourceQuality "1"]

1. e4 e5 2. Nf3 Nc6 3. Bb5 a6 4. Ba4 d6 5. c4 Bg4 6. d3 Nf6 7. Nc3 g6 8. h3 Bxf3 9. Qxf3 Bg7 10. Bg5 h6 11. Bh4 0-0 12. Nd5 g5 13. Nxf6+ Qxf6 14. Qxf6 Bxf6 15. Bxc6 bxc6 16. Bg3 h5 17. f3 h4 18. Bf2 c5 19. Kd2 Rfb8 20. Kc2 Kf8 21. Be1 a5 22. Bd2 a4 23. Rhb1 Ke7 24. b3 Kd7 25. bxa4 Rxb1 26. Rxb1 Rxa4 27. Kb3 Ra8 28. a4 Kc6 29. Ka3 Be7 30. Rb3 Bd8 31. a5 Bf6 32. Kb2 Be7 33. Kc2 Bf6 34. Kd1 Be7 35. Ke2 Bf6 36. Kf2 Be7 37. Rb1 Kd7 38. g3 hxg3+ 39. Kxg3 Ke6 40. Kg4 f6 41. Ra1 c6 42. a6 Ra7 43. Be1 Bd8 44. Bf2 Be7 45. h4 gxh4 46. Bxh4 Bd8 47. f4 exf4 48. Kxf4 Be7 49. Bf2 Bd8 50. Bh4 Be7 51. Kg4 Bd8 52. Kh5 Be7 53. Kg6 Bd8 54. Bf2 Be7 55. Be3 Bd8 56. Bh6 Be7 57. Ra3 Bd8 58. Bf8 Bc7 59. Ra2 Bd8 60. Ra1 Bc7 61. Bg7 Bd8 62. Bh6 Be7 63. Ra2 Bd8 64. Be3 Be7 65. Bf2 Bd8 66. Bh4 Be7 67. Kh5 Bd8 68. Kg4 Be7 69. Kf3 Bd8 70. Bg3 Be7 71. Ke2 Bd8 72. Bh4 Be7 73. Kd2 Bd8 74. Kc3 Be7 75. Kb3 Bd8 76. Bf2 Bc7 77. Be1 Bb6 78. Bc3 Bd8 79. Ba5 Bxa5 80. Rxa5 Kd7 81. Kc3 Kc7 82. Kd2 Kb6 83. Ra1 Rxa6 84. Rf1 Kc7 85. Rxf6 Kd7 86. Ke3 Ke7 87. Rh6 Ra1 88. Rh7+ Ke6 89. Rc7 Ra6 90. Rc8 Kd7 91. Rh8 Ra1 92. Rh6 Re1+ 93. Kf2 Rd1 94. Ke2 Ra1 95. Rg6 Rb1 96. Rf6 Ra1 97. Kd2 Ra2+ 98. Ke3 Ra1 99. Rf8 Re1+ 100. Kd2 Ra1 101. Rb8 Ra2+ 102. Kc3 Ra3+ 103. Kc2 Ra2+ 104. Kb3 Rd2 105. Kc3 Ra2 106. Rb1 Ra3+ 107. Kd2 Ra2+ 108. Ke3 Kc7 109. Rg1 Kd7 110. Rh1 Ke6 111. Rh7 Ra1 112. Rc7 Ra6 113. Rc8 Kd7 114. Rh8 Ra1 1/2-1/2

[Event "Abu Dhabi op-A 30th"]
[Site "Abu Dhabi"]
[Date "2024.08.21"]
[Round "6"]
[White "Tarhan, Adar"]
[Black "Kushagra, Mohan"]
[Result "1/2-1/2"]
[WhiteElo "2467"]
[BlackElo "2359"]
[PlyCount "159"]
[EventDate "2024.08.15"]
[EventType "swiss"]
[EventRounds "9"]
[EventCountry "UAE"]
[SourceTitle "EXT 2025"]
[Source "ChessBase"]
[SourceDate "2024.10.14"]
[SourceVersion "1"]
[SourceVersionDate "2024.10.14"]
[SourceQuality "1"]

1. e4 e5 2. Nf3 Nc6 3. Bc4 Nf6 4. d3 h6 5. c3 d6 6. 0-0 g5 7. a4 Bg7 8. a5 a6 9. Nbd2 0-0 10. h3 Ne7 11. Re1 g4 12. hxg4 Nxg4 13. d4 Kh7 14. dxe5 dxe5 15. Nf1 Qxd1 16. Rxd1 f5 17. exf5 e4 18. Nd4 Nxf5 19. Nxf5 Bxf5 20. Ne3 Nxe3 21. Bxe3 Rad8 22. Bd5 c6 23. Bb3 Kg6 24. Ra4 Rxd1+ 25. Bxd1 h5 26. Bc2 Re8 27. Rb4 Re7 28. Kf1 h4 29. Ke2 Bf6 30. Bf4 Rg7 31. Be3 Re7 32. Bb6 Re5 33. Bc7 Rd5 34. Bxe4 Bxe4 35. Rxe4 Rb5 36. b4 Bxc3 37. Bd6 Rd5 38. Be7 h3 39. gxh3 Bd4 40. Kf3 c5 41. Bxc5 Bxc5 42. bxc5 Rxc5 43. Rb4 Rxa5 44. Rb6+ Kf5 45. Rxb7 Ra3+ 46. Kg2 a5 47. Rb5+ Kg6 48. h4 a4 49. Ra5 Kh6 50. f3 Ra1 51. Kg3 a3 52. Kg4 a2 53. Ra6+ Kg7 54. Kf4 Kf7 55. h5 Rh1 56. Rxa2 Rxh5 57. Kg4 Rb5 58. Ra6 Rc5 59. f4 Rb5 60. Rd6 Ra5 61. Rd3 Kf6 62. Rd8 Kf7 63. Rh8 Kg7 64. Rh1 Kf6 65. Re1 Rb5 66. Ra1 Rc5 67. Ra8 Rb5 68. Rf8+ Kg7 69. Rf5 Rxf5 70. Kxf5 Kf7 71. Ke5 Ke7 72. f5 Kf7 73. f6 Kf8 74. Kf4 Kf7 75. Kg5 Kf8 76. Kf5 Kf7 77. Ke5 Kf8 78. Ke6 Ke8 79. f7+ Kf8 80. Kf6 1/2-1/2

[Event "Abu Dhabi op-A 30th"]
[Site "Abu Dhabi"]
[Date "2024.08.15"]
[Round "1"]
[White "Kushagra, Mohan"]
[Black "Adhiban, Baskaran"]
[Result "1/2-1/2"]
[WhiteElo "2359"]
[BlackElo "2532"]
[PlyCount "59"]
[EventDate "2024.08.15"]
[EventType "swiss"]
[EventRounds "9"]
[EventCountry "UAE"]
[SourceTitle "EXT 2025"]
[Source "ChessBase"]
[SourceDate "2024.10.14"]
[SourceVersion "1"]
[SourceVersionDate "2024.10.14"]
[SourceQuality "1"]

1. e4 c5 2. Nf3 Nc6 3. d4 cxd4 4. Nxd4 Nf6 5. Nc3 e5 6. Ndb5 d6 7. Bg5 a6 8. Na3 b5 9. Nd5 Be7 10. Bxf6 Bxf6 11. c3 Ne7 12. Nxf6+ gxf6 13. Nc2 Bb7 14. Bd3 d5 15. Qe2 f5 16. exf5 e4 17. f6 Nf5 18. Nd4 Nxd4 19. cxd4 Rc8 20. 0-0 Qxf6 21. Qe3 0-0 22. Be2 Rc2 23. b3 Rfc8 24. Rac1 Kg7 25. Rxc2 Rxc2 26. Rc1 Rxc1+ 27. Qxc1 Qxd4 28. Qg5+ Kf8 29. Qd8+ Kg7 30. Qg5+ 1/2-1/2

[Event "Pozarevac Rudar GM 08"]
[Site "Pozarevac"]
[Date "2024.08.13"]
[Round "8"]
[White "Kushagra, Mohan"]
[Black "Stojanovic, Mihajlo"]
[Result "1/2-1/2"]
[WhiteElo "2359"]
[BlackElo "2471"]
[PlyCount "73"]
[EventDate "2024.08.07"]
[EventType "tourn"]
[EventRounds "9"]
[EventCountry "SRB"]
[EventCategory "6"]
[SourceTitle "EXT 2025"]
[Source "ChessBase"]
[SourceDate "2024.10.14"]
[SourceVersion "1"]
[SourceVersionDate "2024.10.14"]
[SourceQuality "1"]

1. e4 c5 2. Nf3 g6 3. d4 cxd4 4. Nxd4 Nc6 5. c4 Nf6 6. Nc3 Nxd4 7. Qxd4 d6 8. f3 Bg7 9. Be3 0-0 10. Qd2 Be6 11. Rc1 Qa5 12. Bd3 Rfc8 13. b3 a6 14. Nd5 Qxd2+ 15. Kxd2 Nxd5 16. cxd5 Bd7 17. Rc4 Bb5 18. Rxc8+ Rxc8 19. Bxb5 axb5 20. Rc1 Rxc1 21. Kxc1 Kf8 22. Kc2 Ke8 23. Kd3 Kd7 24. g4 e6 25. dxe6+ Kxe6 26. f4 d5 27. f5+ Kd6 28. Ba7 dxe4+ 29. Kxe4 Bb2 30. Bb8+ Kc6 31. Be5 Ba3 32. h4 Bb4 33. h5 gxh5 34. gxh5 Ba3 35. Bc3 Bd6 36. Bd4 Bf8 37. Be5 1/2-1/2

[Event "Pozarevac Rudar GM 08"]
[Site "Pozarevac"]
[Date "2024.08.11"]
[Round "5"]
[White "Kushagra, Mohan"]
[Black "Jovanovic, Dusan D"]
[Result "1/2-1/2"]
[WhiteElo "2359"]
[BlackElo "2380"]
[PlyCount "120"]
[EventDate "2024.08.07"]
[EventType "tourn"]
[EventRounds "9"]
[EventCountry "SRB"]
[EventCategory "6"]
[SourceTitle "EXT 2025"]
[Source "ChessBase"]
[SourceDate "2024.10.14"]
[SourceVersion "1"]
[SourceVersionDate "2024.10.14"]
[SourceQuality "1"]

1. e4 c5 2. Nf3 e6 3. d4 cxd4 4. Nxd4 a6 5. Bd3 Bc5 6. Nb3 Ba7 7. Qe2 Ne7 8. Be3 0-0 9. Nc3 Nbc6 10. f4 d5 11. Bxa7 Rxa7 12. e5 b5 13. 0-0-0 b4 14. Na4 Na5 15. Qf2 Nxb3+ 16. cxb3 Rc7+ 17. Kb1 Bd7 18. Bxa6 Qa8 19. Qe2 Rb8 20. Rc1 Ra7 21. Bd3 Bxa4 22. bxa4 Rxa4 23. b3 Ra7 24. g4 Rc8 25. f5 Rac7 26. Rxc7 Rxc7 27. f6 Ng6 28. Rf1 Qc6 29. g5 Qc3 30. Bxg6 hxg6 31. Rd1 Qh3 32. Kb2 Qf5 33. h4 Qf4 34. Qd2 Qxe5+ 35. Qd4 gxf6 36. gxf6 Qxd4+ 37. Rxd4 Rb7 38. a4 Kf8 39. a5 Ke8 40. a6 Ra7 41. Rxb4 Rxa6 42. Rb8+ Kd7 43. Rb7+ Kd6 44. Rxf7 Ke5 45. b4 Rd6 46. Kc3 d4+ 47. Kd3 Kf5 48. Rf8 e5 49. f7 e4+ 50. Kd2 Kf6 51. b5 Kg7 52. Re8 e3+ 53. Kd3 Kxf7 54. Re4 Re6 55. Rf4+ Ke7 56. Rf1 Rd6 57. b6 Kd7 58. Rc1 Rxb6 59. Kxd4 Re6 60. Re1 e2 1/2-1/2

[Event "Pozarevac Rudar GM 08"]
[Site "Pozarevac"]
[Date "2024.08.08"]
[Round "2"]
[White "Korshunov, Sergey And"]
[Black "Kushagra, Mohan"]
[Result "0-1"]
[WhiteElo "2340"]
[BlackElo "2359"]
[PlyCount "111"]
[EventDate "2024.08.07"]
[EventType "tourn"]
[EventRounds "9"]
[EventCountry "SRB"]
[EventCategory "6"]
[SourceTitle "EXT 2025"]
[Source "ChessBase"]
[SourceDate "2024.10.14"]
[SourceVersion "1"]
[SourceVersionDate "2024.10.14"]
[SourceQuality "1"]

1. d4 f5 2. g3 Nf6 3. Bg2 g6 4. Nf3 Bg7 5. 0-0 0-0 6. b3 d6 7. Bb2 Qe8 8. c4 c6 9. Nbd2 Na6 10. Re1 Nc7 11. Qc2 d5 12. Ne5 Be6 13. Nd3 Rc8 14. Nf3 b6 15. Nfe5 a5 16. Rac1 Ne4 17. f3 Nf6 18. Qd2 dxc4 19. bxc4 Na6 20. Nf4 Bd7 21. e4 fxe4 22. Nxd7 Nxd7 23. Ne6 exf3 24. Nxf8 Qxf8 25. Bh3 Bh6 26. Qf2 Bxc1 27. Rxc1 Rd8 28. Be6+ Kg7 29. d5+ Nf6 30. dxc6 Rd3 31. Qxb6 Rd2 32. Be5 Nb4 33. Rf1 f2+ 34. Kg2 Nd3 35. Bc3 Re2 36. c7 Qa8+ 37. Bd5 Qc8 38. Qd4 Ne1+ 39. Kh1 Qxc7 40. a4 e5 41. Qd1 Ra2 42. Bxe1 fxe1Q 43. Rxe1 Qc5 44. Re2 Rxe2 45. Qxe2 Qd4 46. Bg2 Ng4 47. Bh3 Ne3 48. Bf1 Qa1 49. Qxe3 Qxf1+ 50. Qg1 Qxg1+ 51. Kxg1 Kf6 52. Kf2 Ke6 53. Ke3 Kd6 54. h4 Kc5 55. Kd3 Kb4 56. g4 0-1

[Event "Pozarevac Rudar GM-B 07"]
[Site "Pozarevac"]
[Date "2024.07.31"]
[Round "2"]
[White "Kushagra, Mohan"]
[Black "Stojanovic, Mihajlo"]
[Result "1-0"]
[WhiteElo "2367"]
[BlackElo "2481"]
[PlyCount "55"]
[EventDate "2024.07.30"]
[EventType "tourn"]
[EventRounds "9"]
[EventCountry "SRB"]
[EventCategory "7"]
[SourceTitle "EXT 2025"]
[Source "ChessBase"]
[SourceDate "2024.10.14"]
[SourceVersion "1"]
[SourceVersionDate "2024.10.14"]
[SourceQuality "1"]

1. e4 e6 2. d4 d5 3. Nc3 Bb4 4. e5 c5 5. a3 Bxc3+ 6. bxc3 Qa5 7. Bd2 Qa4 8. Qg4 g6 9. h4 Nc6 10. h5 Nxe5 11. Qg3 Nd7 12. hxg6 fxg6 13. Bd3 Ne7 14. Nf3 c4 15. Rxh7 Rxh7 16. Bxg6+ Rf7 17. Bxf7+ Kxf7 18. Ng5+ Ke8 19. Nxe6 Rb8 20. Qh2 Ng8 21. Qh5+ Ke7 22. Qh7+ Kxe6 23. Qxg8+ Kf6 24. Bg5+ Kf5 25. g4+ Kxg4 26. Be7+ Kf5 27. Qf7+ Kg4 28. 0-0-0 1-0

[Event "Pozarevac Rudar GM 07"]
[Site "Pozarevac"]
[Date "2024.07.27"]
[Round "6"]
[White "Kushagra, Mohan"]
[Black "Mitusov, Semen"]
[Result "0-1"]
[WhiteElo "2367"]
[BlackElo "2478"]
[PlyCount "90"]
[EventDate "2024.07.22"]
[EventType "tourn"]
[EventRounds "9"]
[EventCountry "SRB"]
[EventCategory "7"]
[SourceTitle "CBM 221 Extra"]
[Source "ChessBase"]
[SourceDate "2024.09.30"]
[SourceVersion "1"]
[SourceVersionDate "2024.09.30"]
[SourceQuality "1"]

1. e4 e5 2. Nf3 Nc6 3. Bb5 a6 4. Ba4 f5 5. d4 exd4 6. e5 b5 7. Bb3 Na5 8. 0-0 Bb7 9. c3 Nxb3 10. Qxb3 dxc3 11. Nxc3 Qe7 12. Nd5 Qc5 13. Rd1 Ne7 14. Nf4 Qc4 15. Qxc4 bxc4 16. Be3 g6 17. e6 d6 18. Bd4 Bxf3 19. gxf3 Rg8 20. Rac1 Bh6 21. Be3 g5 22. Ne2 Rg6 23. Rxc4 Rc8 24. Ra4 Rxe6 25. Rxa6 f4 26. Nd4 Re5 27. Bd2 Rd5 28. Ne2 Bg7 29. b3 Kf8 30. Ra4 Ng6 31. Kf1 Rd3 32. Ng1 Re8 33. Re4 Rxe4 34. fxe4 f3 35. Ke1 g4 36. Ba5 Rxd1+ 37. Kxd1 c6 38. h3 h5 39. hxg4 hxg4 40. Bb6 c5 41. b4 cxb4 42. Kc2 Ne7 43. Kb3 Nc6 44. Kc4 Ke8 45. Kd3 Kd7 0-1